000 00630nam a2200217 a 4500
001 23553
003 CO-ViMGA
008 141112s2004 ck r 000 u spa d
020 _a9788449438035
040 _aCO-ViMGA
_bspa
_cCO-ViMGA
082 0 4 _a370.15R381c
100 1 _aRiva Amella, Jose Luis
_933975
245 1 0 _aComo estimular el aprendizaje/
_cJose Luis Riva Amella
260 _aEspaña :
_bOceano
300 _a432p + Cd - Rom
650 1 4 _aAPRENDIZAJE
650 1 4 _aDESARROLLO DE LA INTELIGENCIA
_933976
650 1 4 _aNIÑOS - CUIDADO E INTELIGENCIA
_933977
650 1 4 _aPSICOPEDAGOGIA
_914915
942 _2ddc
_cBK
999 _c31673
_d31673